000 01407nam1a2200325 i 4500
001 RU\NLR\bibl\138888
005 20240920061336.0
035 _a(NLR Aleph) 000136046
090 _a777825
_c777825
100 _a20010311g20009999u y0rusy50 ca
101 0 _arus
102 _aRU
105 _a||||z |||||
200 1 _aУчебное пособие по курсу "Гражданское право"
_fТ.А. Быкова, А.А. Серветник, Т.И. Хмелева
210 _aСаратов
_cПриволж. кн. изд-во
_d2000
215 _d20
300 _aНа обл. авт. не указаны
463 0 _1001133901
463 0 _1001224701
606 0 _aГражданское право
_jРуководства, пособия и т.п.
_yРоссийская Федерация
_92073647
_3RU\NLR\auth\661248570
606 0 _aГражданское право
_jУчебные издания
_yРоссийская Федерация
_92073647
_3RU\NLR\auth\661248570
686 _aХ623я7
700 1 _aБыкова
_bТ. А.
_gТамара Анатольевна
_4070
701 1 _aСерветник
_bА. А.
_gАлександр Арсентьевич
_4070
701 1 _aХмелева
_bТ. И.
_gТатьяна Ивановна
_4070
801 0 _aRU
_bNLR
_c20010311
_gPSBO
801 1 _aRU
_bNLR
_c20010311
852 _aNLR
_j2001-3/1312
942 _cBOOK